Nationalism in a global world (Record no. 19057)

MARC details
000 -LEADER
fixed length control field 00764nam a2200241Ia 4500
008 - FIXED-LENGTH DATA ELEMENTS--GENERAL INFORMATION
fixed length control field 191130s2009##################000#0#eng##
020 ## - INTERNATIONAL STANDARD BOOK NUMBER
International Standard Book Number 9780230527362
022 ## - INTERNATIONAL STANDARD SERIAL NUMBER
International Standard Serial Number 2009043409
040 ## - CATALOGING SOURCE
Original cataloging agency ACL
Transcribing agency ACL
082 ## - DEWEY DECIMAL CLASSIFICATION NUMBER
Classification number 320.54 PRY
100 ## - MAIN ENTRY--PERSONAL NAME
Personal name Pryke, Sam
245 ## - TITLE STATEMENT
Title Nationalism in a global world
Statement of responsibility, etc. Sam Pryke
260 ## - PUBLICATION, DISTRIBUTION, ETC.
Place of publication, distribution, etc. Houndmills, Basingstoke, Hampshire ; New York
Name of publisher, distributor, etc. Palgrave Macmillan
Date of publication, distribution, etc. c2009
300 ## - PHYSICAL DESCRIPTION
Extent vii, 223 p. ; 24 cm
500 ## - GENERAL NOTE
General note Includes bibliographical references (p.204-214) and index
650 ## - SUBJECT ADDED ENTRY--TOPICAL TERM
Topical term or geographic name entry element Culture and globalization
Topical term or geographic name entry element Globalization - Economic aspects
Topical term or geographic name entry element Globalization - Political aspects
Topical term or geographic name entry element Nationalism
990 ## - EQUIVALENCES OR CROSS-REFERENCES [LOCAL, CANADA]
Link information for 9XX fields 7b7bcda3ac10000c39fa80bc4b3c55d7
991 ## -
-- 190997
Holdings
Withdrawn status Lost status Materials specified (bound volume or other part) Damaged status Not for loan Home library Current library Shelving location Date acquired Total Checkouts Full call number Barcode Date last seen Price effective from Koha item type
    pbk     Anna Centenary Library Anna Centenary Library 3RD FLOOR, B WING 09.10.2020   320.54 PRY 305180 09.10.2020 09.10.2020 English Books

Find us on the map